000 00413nmm a2200145Ia 4500
008 251105s9999||||xx |||||||||||||||||und||
041 _aspa
100 _aGuzmán Cervantes, Eugenia
245 0 _aSoltando amarras
264 _a[Bogotá, Colombia] :
_bUniversidad del Rosario,
_c2018
300 _a258 páginas
650 _aMedicine
856 _uhttps://public.digitaliapublishing.com/a/52142
942 _cCF
999 _c106628
_d106628